Economics. (Record no. 5724)

MARC details
005 - DATE AND TIME OF LATEST TRANSACTION
control field 20250627174822.0
020 ## - INTERNATIONAL STANDARD BOOK NUMBER
International Standard Book Number 0-07-285477-4
082 ## - DEWEY DECIMAL CLASSIFICATION NUMBER
Classification number 330 SLA
100 ## - MAIN ENTRY--PERSONAL NAME
Author name SLAVIN, S. L.
245 ## - TITLE STATEMENT
Title Economics.
250 ## - EDITION STATEMENT
Edition statement 7th Ed.
260 ## - PUBLICATION, DISTRIBUTION, ETC.
Place of publication, distribution, etc. New York,
Name of publisher, distributor, etc. McGraw Hill,
Date of publication, distribution, etc. 2005.
300 ## - PHYSICAL DESCRIPTION
Extent xxiii, 806p.: ill.; figure, table
Other physical details Glossary & Index
Dimensions 28cm
942 ## - ADDED ENTRY ELEMENTS (KOHA)
Source of classification or shelving scheme Dewey Decimal Classification
Koha item type Books
Holdings
Date last seen Total checkouts Full call number Barcode Cost, replacement price Price effective from Koha item type Lost status Source of classification or shelving scheme Damaged status Not for loan Withdrawn status Home library Current library Shelving location Date acquired Cost, normal purchase price
06/27/2025   330 SLA DOM0002663 30000.00 06/27/2025 Books   Dewey Decimal Classification       CBE Dodoma CBE Dodoma General Collection 05/12/2008 10000.00
06/27/2025   330 SLA DOM0002658 30000.00 06/27/2025 Books   Dewey Decimal Classification       CBE Dodoma CBE Dodoma General Collection 05/12/2008 10000.00
06/27/2025   330 SLA DOM0002651 30000.00 06/27/2025 Books   Dewey Decimal Classification       CBE Dodoma CBE Dodoma General Collection 05/12/2008 10000.00
06/27/2025   330 SLA DOM0003218 30000.00 06/27/2025 Books   Dewey Decimal Classification       CBE Dodoma CBE Dodoma General Collection 05/12/2008 10000.00
06/27/2025   330 SLA DOM0003215 30000.00 06/27/2025 Books   Dewey Decimal Classification       CBE Dodoma CBE Dodoma General Collection 05/12/2008 10000.00